000 00615nam a2200217Ia 4500
008 131103s9999 xx 000 0 und d
020 _a057108575 X
040 _aLoreto College
041 _aEnglish
082 _a791.4/EIS
_bLCLIB/2482
100 _aEisenstein,Sergei M.
245 4 _aThe film sense
_cSergei M.Eisenstein; translated and edited by Jay Leyda
260 _aLondon
_bFaber
_c1970
300 _a228 p.
_c 20 cm.
504 _aIncludes bibliographical references and index
650 _aFilms
651 _aMotion Picture
700 _aLeyda,Jay,tr and ed.
850 _aLCLIB
942 _cBK
999 _c7158
_d57637